ბათუმის შოთა რუსთაველის სახელმწიფო უნივერსიტეტის ბიბლიოთეკა

Физиология растении в помощь селекции (ბიბ.ჩანაწერი № 45501)

000 -LEADER
fixed length control field 00547nam a2200193Ia 4500
001 - CONTROL NUMBER
control field 12326
003 - CONTROL NUMBER IDENTIFIER
control field GE_BSU
008 - FIXED-LENGTH DATA ELEMENTS--GENERAL INFORMATION
fixed length control field 181216s||||||||xx |||||||||||||| ||und||
040 ## - CATALOGING SOURCE
Transcribing agency GE_BSU
080 ## - UNIVERSAL DECIMAL CLASSIFICATION NUMBER
Universal Decimal Classification number 581.1(072)
245 ## - TITLE STATEMENT
Title Физиология растении в помощь селекции
245 ## - TITLE STATEMENT
Statement of responsibility, etc. Ред.Н.Г.Кузнецова
260 ## - PUBLICATION, DISTRIBUTION, ETC.
Place of publication, distribution, etc. Москва
260 ## - PUBLICATION, DISTRIBUTION, ETC.
Name of publisher, distributor, etc. Наука
260 ## - PUBLICATION, DISTRIBUTION, ETC.
Date of publication, distribution, etc. 1974
300 ## - PHYSICAL DESCRIPTION
Extent 298стр.21см.
653 ## - INDEX TERM--UNCONTROLLED
Uncontrolled term Физиология растении в помощь селекции
942 ## - ADDED ENTRY ELEMENTS (KOHA)
Koha item type წიგნი
ეგზემპლარები
Withdrawn status Lost status Damaged status Not for loan Date acquired Barcode Date last seen Price effective from Koha item type
        2018-12-17 20429 2018-12-17 2018-12-17 წიგნი